000 00639nam a2200205 a 4500
001 12773
003 CO-ViMGA
008 141112s2004 ck r 000 u spa d
020 _a8434426056
040 _aCO-ViMGA
_bspa
_cCO-ViMGA
082 0 4 _a155.4 M673
100 1 _aMoreno, Miguel
_918503
245 1 0 _aIntervención psicoeducativa en las dificultades del desarrollo
260 _aBarecelona :
_bAriel,
_c1997
300 _a365p.
590 _aForma de adquisición : COMPRA - - Precio : 65.900 - - Proveedor : FIS
650 1 4 _aPSICOLOGIA EDUCATIVA
_914914
650 1 4 _aTRASTORNOS DEL DESARROLLO INFANTIL
_918504
942 _2ddc
_cBK
999 _c23717
_d23717